00755nam a22002177a 450000500170000000800410001701000140005802000230007203500130009503700150010804000180012308200080014124500890014926000470023827000730028530000330035861000360039165000350042765000530046270000220051520090521140651.0090521t xxu||||| |||| 00| 0 eng d aENG-93648 a8178121972c320.00 aEN-77181 bDBAD / PUB adplbEnglish  a000 aR. Gupta's UPSC engineering services exam civil engineering:bprevious solved papers aNew Delhi bRamesh Publishing House c2009 a12-H, New Daryaganj Road, Opp. Traffic Kotwali, bNew Delhi e110002 aVarious pagings c25cm(pbk)  aUnion Public Service Commission aUPSC engineering services exam aCivil engineeringxexaminations, questions, etc. aGupta, Anjani A.